3文字の市町村人口ランキング 51位~100位 - Statistics

General Stats
  • This quiz has been taken 411 times
  • The average score is 37 of 50
Answer Stats
順位 人口(2023/10/1時点) 都道府県 Answer % Correct
51位 99,220 大阪府 泉佐野市
86%
59位 81,806 京都府 長岡京市
85%
55位 91,611 新潟県 新発田市
81%
61位 75,639 京都府 福知山市
81%
64位 75,024 京都府 京田辺市
81%
72位 66,270 愛媛県 宇和島市
81%
93位 48,254 京都府 京丹後市
81%
85位 55,362 香川県 観音寺市
80%
88位 52,960 新潟県 南魚沼市
80%
79位 58,364 青森県 十和田市
79%
66位 73,171 大阪府 泉大津市
78%
82位 57,209 和歌山県 紀の川市
78%
53位 93,276 長野県 安曇野市
77%
58位 83,132 静岡県 御殿場市
77%
60位 79,015 京都府 木津川市
77%
65位 73,668 岐阜県 中津川市
77%
89位 51,320 福島県 二本松市
77%
62位 75,525 北海道 岩見沢市
76%
84位 56,524 福島県 南相馬市
76%
67位 73,103 福島県 須賀川市
75%
90位 50,896 佐賀県 伊万里市
75%
92位 48,403 群馬県 みどり市
75%
80位 57,877 石川県 野々市市
74%
83位 56,975 北海道 北広島市
74%
100位 41,833 静岡県 牧之原市
74%
52位 94,817 千葉県 四街道市
73%
54位 92,482 埼玉県 東松山市
73%
78位 61,183 愛知県 長久手市
73%
96位 44,803 香川県 さぬき市
73%
99位 42,474 福島県 喜多方市
73%
56位 83,747 東京都 東大和市
72%
81位 57,413 宮城県 気仙沼市
72%
75位 62,653 宮城県 多賀城市
71%
98位 44,126 栃木県 さくら市
71%
73位 65,163 沖縄県 豊見城市
70%
86位 54,085 大阪府 四條畷市
70%
87位 53,056 沖縄県 宮古島市
70%
70位 70,471 栃木県 大田原市
69%
97位 44,321 三重県 いなべ市
69%
57位 83,261 愛知県 尾張旭市
68%
74位 64,925 千葉県 袖ケ浦市
67%
68位 72,595 福岡県 太宰府市
66%
63位 75,338 茨城県 龍ケ崎市
65%
69位 71,939 兵庫県 たつの市
65%
76位 62,236 大阪府 藤井寺市
64%
94位 47,351 茨城県 小美玉市
64%
95位 46,914 新潟県 十日町市
64%
77位 62,120 愛知県 みよし市
62%
71位 70,325 埼玉県 鶴ヶ島市
61%
91位 49,487 福岡県 那珂川市
56%
No matching quizzes found
Score Distribution
Percent of People with Each Score
Percentile by Number Answered
Your Score History
You have not taken this quiz